Shock : (Record no. 1408)
[ view plain ]
| 000 -LEADER | |
|---|---|
| fixed length control field | 01127cam a2200289 a 4500 |
| 005 - DATE AND TIME OF LATEST TRANSACTION | |
| control field | 20260322212059.0 |
| 008 - FIXED-LENGTH DATA ELEMENTS--GENERAL INFORMATION | |
| fixed length control field | data |
| 010 ## - LIBRARY OF CONGRESS CONTROL NUMBER | |
| LC control number | 2006022506 |
| 020 ## - INTERNATIONAL STANDARD BOOK NUMBER | |
| International Standard Book Number | 9781583332658 |
| 020 ## - INTERNATIONAL STANDARD BOOK NUMBER | |
| International Standard Book Number | 1583332650 |
| 040 ## - CATALOGING SOURCE | |
| Original cataloging agency | DLC |
| Transcribing agency | DLC |
| Modifying agency | VET |
| -- | C#P |
| -- | ZJI |
| -- | VP@ |
| -- | YDXCP |
| -- | BTCTA |
| -- | VET |
| 041 09 - LANGUAGE CODE | |
| Language code of text/sound track or separate title | eng |
| 042 ## - AUTHENTICATION CODE | |
| Authentication code | nlmcopyc |
| 044 ## - COUNTRY OF PUBLISHING/PRODUCING ENTITY CODE | |
| -- | United States |
| 050 00 - LIBRARY OF CONGRESS CALL NUMBER | |
| Classification number | RC485 |
| Item number | .D85 2006 |
| 060 10 - NATIONAL LIBRARY OF MEDICINE CALL NUMBER | |
| Classification number | WM 412 |
| Item number | D877s 2006 |
| 082 00 - DEWEY DECIMAL CLASSIFICATION NUMBER | |
| Classification number | 616.89/122 |
| Edition information | 22 |
| 001 - CONTROL NUMBER | |
| control field | data |
| 100 1# - MAIN ENTRY--PERSONAL NAME | |
| Personal name | Dukakis, Kitty. |
| 245 10 - TITLE STATEMENT | |
| Title | Shock : |
| Remainder of title | the healing power of electroconvulsive therapy / |
| Statement of responsibility, etc. | Kitty Dukakis & Larry Tye. |
| 260 ## - PUBLICATION, DISTRIBUTION, ETC. | |
| Place of publication, distribution, etc. | New York : |
| Name of publisher, distributor, etc. | Avery, |
| Date of publication, distribution, etc. | c2006. |
| 300 ## - PHYSICAL DESCRIPTION | |
| Extent | xiii, 289 p. ; |
| Dimensions | 24 cm. |
| 504 ## - BIBLIOGRAPHY, ETC. NOTE | |
| Bibliography, etc. note | Includes bibliographical references (p. [241]-281) and index. |
| 505 0# - FORMATTED CONTENTS NOTE | |
| Formatted contents note | An anniversary to remember -- It's back -- A dark place -- Serendipity and science -- A litany of treatments, a dearth of cures -- In and out of the cuckoo's nest -- Lifting the cloud -- Body of evidence -- I forget -- Complications and controversies -- A shock to the system -- The mystery of how and why. |
| 650 12 - SUBJECT ADDED ENTRY--TOPICAL TERM | |
| Topical term or geographic name entry element | Electroconvulsive Therapy |
| 700 1# - ADDED ENTRY--PERSONAL NAME | |
| Personal name | Tye, Larry. |
| Withdrawn status | Lost status | Damaged status | Not for loan | Home library | Current library | Shelving location | Date acquired | Total checkouts | Full call number | Barcode | Date last seen | Price effective from | Koha item type |
|---|---|---|---|---|---|---|---|---|---|---|---|---|---|
| Franklin | Franklin | General stacks | 22/03/2026 | 616.89/122 22 | BC0011455 | 22/03/2026 | 22/03/2026 | Books |